Errate den Song am Songtext #1 - Statistiken

Allgemein
  • Dieses Quiz wurde 786 mal gespielt
  • Das Durchschnittsergebnis liegt bei 162 aus 272
Antwortstatistiken
Antwort % Korrekt
I
99%
a
95%
You
92%
you
92%
(you
92%
The
79%
the
79%
be
77%
me
77%
when
76%
When
76%
are
75%
are)
75%
my
71%
it
70%
we
68%
No
66%
that
66%
That
66%
hear
64%
want
64%
to
59%
why
58%
Am
57%
way
57%
one
56%
say
55%
say)
55%
can
52%
Tell
52%
your
52%
Your
52%
But
51%
but
51%
fire
51%
desire
50%
heart
50%
never
48%
nothin
48%
Aint
45%
wanna
44%
Believe
42%
mistake
39%
of
35%
see
35%
heartache
34%
know
31%
(oh
31%
Cant
30%
Dont
30%
(dont
30%
too
30%
Yeah
29%
yeah
29%
yeah)
29%
two
27%
Yes
27%
Now
25%
apart
23%
its
22%
Cause
21%
worlds
21%
From
19%
reach
18%
late
17%
down
16%
(hey
16%
used
14%
fallen
13%
inside
13%
matter
13%
deep
12%
distance
11%
weve
8%
Keine übereinstimmenden Quizze gefunden
Verteilung der Resultate
Anzahl Personen mit jedem Resultat
Perzentil nach korrekt beantworteten Fragen
Ihre Resultats-Entwicklung
Sie haben dieses Quiz noch nicht gespielt